[Event "IRT 54 Aniversario Villa Martelli"]
[Site "Villa Martelli, Bs As"]
[Date "2008.07.13"]
[Round "6"]
[White "Martinez, Daniel2"]
[Black "Aguinaga, Maximiliano"]
[Result "1/2-1/2"]
[WhiteElo "2115"]
[BlackElo "1969"]
[PlyCount "27"]
[EventDate "2008.07.08"]
[SourceDate "2008.07.15"]

1. d4 Nf6 2. Nf3 d6 3. g3 g6 4. Bg2 Bg7 5. O-O Nbd7 6. c4 e5 7. Nc3 O-O 8. e3
c6 9. b3 Re8 10. Bb2 a6 11. dxe5 dxe5 12. e4 Qe7 13. Qc2 b5 14. cxb5 1/2-1/2

[Event "IRT 54 Aniversario Villa Martelli"]
[Site "Villa Martelli, Bs As"]
[Date "2008.07.13"]
[Round "6"]
[White "Chiari, Arthur Gontijo"]
[Black "Bassan, Remo"]
[Result "0-1"]
[WhiteElo "1795"]
[BlackElo "2109"]
[PlyCount "102"]
[EventDate "2008.07.08"]
[SourceDate "2008.07.15"]

1. e4 c5 2. Nc3 Nc6 3. f4 g6 4. Nf3 Bg7 5. Bc4 Nf6 6. O-O O-O 7. d3 d6 8. Qe1
e6 9. Qh4 d5 10. Bb3 c4 11. Ba4 cxd3 12. cxd3 Qb6+ 13. Kh1 d4 14. Ne2 Qa6 15.
Bxc6 bxc6 16. e5 Nd5 17. Nexd4 Qxd3 18. Bd2 c5 19. Nb3 Qb5 20. f5 exf5 21. Bh6
Qb4 22. Qh3 Qg4 23. Qxg4 fxg4 24. Bxg7 Kxg7 25. Nfd2 Ne3 26. Rf2 c4 27. Na5 Be6
28. Rc1 Rac8 29. Re2 Rfd8 30. Nb7 Rd3 31. Nd6 Rc5 32. b4 Rxe5 33. a4 Rxd6 34.
Nf1 Rd3 35. Rce1 c3 36. Nxe3 Kf8 37. Kg1 f5 38. Nc2 Rxe2 39. Rxe2 Rd1+ 40. Kf2
Bc4 41. Ne3 Bxe2 42. Kxe2 Rd2+ 43. Ke1 Ra2 44. a5 f4 45. Nd5 Rxg2 46. Nxc3 Rxh2
47. b5 Rh3 48. Kd2 Rh2+ 49. Ne2 f3 50. b6 Rxe2+ 51. Kd3 axb6 0-1

[Event "IRT 54 Aniversario Villa Martelli"]
[Site "Villa Martelli, Bs As"]
[Date "2008.07.14"]
[Round "7"]
[White "Bernal, Gustavo"]
[Black "Espinoza Palomino , Willyam"]
[Result "0-1"]
[WhiteElo "2105"]
[BlackElo "2130"]
[PlyCount "166"]
[EventDate "2008.07.08"]
[SourceDate "2008.07.15"]

1. d4 d5 2. c4 c6 3. Nf3 Nf6 4. Nc3 e6 5. cxd5 exd5 6. Bg5 Be7 7. Qc2 O-O 8. e3
Nbd7 9. Bd3 Re8 10. O-O h6 11. Bf4 Nf8 12. h3 Bd6 13. Bxd6 Qxd6 14. Rab1 Bd7
15. b4 Ne6 16. Na4 Rac8 17. Rfc1 Re7 18. Ne5 b6 19. Qb3 Be8 20. Bf5 Rec7 21.
Rb2 g6 22. Bxe6 Qxe6 23. Nd3 Ne4 24. Rbc2 Nd6 25. Nab2 Qe7 26. a4 Kg7 27. Nf4
Ne4 28. Nbd3 Qd6 29. b5 g5 30. Nh5+ Kg6 31. Ne5+ Kh7 32. f3 f6 33. Ng4 Bxh5 34.
fxe4 dxe4 35. bxc6 Rxc6 36. Rxc6 Rxc6 37. Rf1 Qe7 38. Qd5 Rd6 39. Qf5+ Kg7 40.
Rc1 Bg6 41. Qc8 Be8 42. Qb8 Rc6 43. Rd1 h5 44. Nf2 Bf7 45. h4 g4 46. Qf4 Bg6
47. Nh1 Qc7 48. Ng3 Qxf4 49. exf4 f5 50. d5 Rd6 51. Kf2 Kf6 52. Nf1 Be8 53. Ne3
Bxa4 54. Rc1 Bb3 55. Rc7 Bxd5 56. Rxa7 Be6 57. Ke2 Rd8 58. Rb7 Ra8 59. Rxb6
Ra2+ 60. Ke1 Ra1+ 61. Kf2 Ra7 62. Nd5+ Kf7 63. Nb4 Rc7 64. Nc6 Rc8 65. Nd4 Bd7
66. Rh6 Rc4 67. Rh7+ Ke8 68. Ne2 Rc2 69. Rh8+ Ke7 70. Ke3 Be8 71. Rh7+ Kf6 72.
Rh6+ Bg6 73. Rh8 Bf7 74. Rf8 Kg7 75. Rd8 Kf6 76. Rd6+ Ke7 77. Rb6 Bc4 78. Ng3
Rc3+ 79. Kd4 Rxg3 80. Kxc4 Rxg2 81. Kd5 Rh2 82. Ke5 g3 83. Kxf5 g2 0-1

[Event "IRT 54 Aniversario Villa Martelli"]
[Site "Villa Martelli, Bs As"]
[Date "2008.07.14"]
[Round "7"]
[White "Bassan, Remo"]
[Black "Crespo, Eugenio"]
[Result "1-0"]
[WhiteElo "2109"]
[BlackElo "2057"]
[PlyCount "77"]
[EventDate "2008.07.08"]
[SourceDate "2008.07.15"]

1. e4 e6 2. d4 d5 3. Nc3 Nf6 4. Bg5 Be7 5. e5 Nfd7 6. Bxe7 Qxe7 7. Qg4 O-O 8.
f4 Nb6 9. Nf3 f5 10. Qh3 a6 11. Rg1 c5 12. g4 cxd4 13. Nxd4 Nc6 14. gxf5 exf5
15. Qe3 Qc5 16. O-O-O Nc4 17. Rxg7+ Kh8 18. Bxc4 Nxd4 19. Rg3 dxc4 20. Qxd4
Qxd4 21. Rxd4 Be6 22. Rd6 Rfe8 23. Nd5 Bxd5 24. Rxd5 Rad8 25. Rxd8 Rxd8 26. c3
h6 27. h4 Rd7 28. h5 Kh7 29. Kc2 Rd8 30. b3 b5 31. bxc4 bxc4 32. e6 a5 33. e7
Re8 34. Re3 a4 35. Kb2 Kg7 36. Ka3 Kf7 37. Re5 Rxe7 38. Rxe7+ Kxe7 39. Kxa4 1-0

[Event "IRT 54 Aniversario Villa Martelli"]
[Site "Villa Martelli, Bs As"]
[Date "2008.07.14"]
[Round "7"]
[White "Aguinaga, Maximiliano"]
[Black "Chiari, Arthur Gontijo"]
[Result "0-1"]
[WhiteElo "1969"]
[BlackElo "1795"]
[PlyCount "96"]
[EventDate "2008.07.08"]
[SourceDate "2008.07.15"]

1. d4 Nf6 2. c4 g6 3. Nc3 d5 4. Bg5 Ne4 5. Bf4 Nxc3 6. bxc3 c6 7. e3 Bg7 8. Nf3
O-O 9. Bd3 dxc4 10. Bxc4 Bg4 11. h3 Bxf3 12. Qxf3 Nd7 13. O-O Nb6 14. Bb3 Nd5
15. e4 Nxf4 16. Qxf4 c5 17. Rad1 Qb6 18. e5 Qc7 19. h4 e6 20. h5 c4 21. Bc2 Qa5
22. Qd2 Rfd8 23. Rfe1 Rd7 24. Bb1 Rad8 25. Qc2 b5 26. Re3 b4 27. hxg6 hxg6 28.
Rde1 bxc3 29. Rf3 Rxd4 30. Rxf7 Kxf7 31. Qxg6+ Kf8 32. Re3 Rf4 33. g3 Rf7 34.
Qxe6 Rd1+ 35. Kh2 Rxb1 36. Qc8+ Ke7 37. f4 Bf8 38. Qxc4 Rh7+ 39. Kg2 Rd1 40.
Rd3 Rxd3 41. Qxd3 Rh6 42. Qc4 Qb6 43. Qd3 Qc6+ 44. Kf2 Qc5+ 45. Kf3 c2 46. e6
Qc6+ 47. Kg4 c1=Q 48. Qa3+ Qxa3 0-1

[Event "IRT 54 Aniversario Villa Martelli"]
[Site "Villa Martelli, Bs As"]
[Date "2008.07.14"]
[Round "7"]
[White "Gonzalez Gimenez, Jose Ignacio"]
[Black "Martinez, Daniel2"]
[Result "0-1"]
[WhiteElo "1737"]
[BlackElo "2115"]
[PlyCount "50"]
[EventDate "2008.07.08"]
[SourceDate "2008.07.15"]

1. e4 d5 2. exd5 Qxd5 3. Nc3 Qa5 4. g3 Nf6 5. Bg2 e6 6. Nge2 c6 7. O-O Be7 8.
b3 Nbd7 9. Bb2 h5 10. h4 g5 11. hxg5 Qxg5 12. Ne4 Qh6 13. Nf4 h4 14. Nh3 Rg8
15. Nxf6+ Nxf6 16. gxh4 Qxh4 17. Qf3 e5 18. Kh2 Be6 19. d3 Bd5 20. Qf5 Rxg2+
21. Kh1 Rg5+ 22. Kh2 Rxf5 23. Rae1 Ng4+ 24. Kg1 Qxh3 25. Bxe5 Qh1# 0-1

[Event "IRT 54 Aniversario Villa Martelli"]
[Site "Villa Martelli, Bs As"]
[Date "2008.07.14"]
[Round "7"]
[White "Amed, Stephanie"]
[Black "Pradines, Emmanuel"]
[Result "1-0"]
[WhiteElo "2099"]
[BlackElo "1911"]
[PlyCount "99"]
[EventDate "2008.07.08"]
[SourceDate "2008.07.15"]

1. e4 c5 2. Nf3 Nc6 3. d4 cxd4 4. Nxd4 g6 5. c4 Bg7 6. Be3 Nf6 7. Nc3 Ng4 8.
Qxg4 Nxd4 9. Qd1 Ne6 10. Rc1 Qa5 11. Qd2 g5 12. Bd3 d6 13. O-O Qe5 14. b4 Bd7
15. Nd5 Bc6 16. f3 b6 17. Bc2 Rc8 18. Rfe1 h6 19. Kh1 Bd7 20. Bd1 Qb2 21. Qd3
Qe5 22. Bb3 h5 23. Qd1 Nd4 24. Ba4 Nc6 25. Qd2 f6 26. f4 gxf4 27. Bxf4 Qe6 28.
Ne3 Bh6 29. Bxh6 Rxh6 30. c5 dxc5 31. bxc5 Ne5 32. Bxd7+ Nxd7 33. Nd5 Rh8 34.
cxb6 Nxb6 35. Nc7+ Rxc7 36. Rxc7 Rg8 37. Rxa7 Rg4 38. Qe2 h4 39. h3 Rg5 40. Qf2
Nc8 41. Ra3 Qd6 42. Rc3 Nb6 43. Rec1 Na4 44. Rc4 Qa3 45. Qa7 Kf7 46. Qxa4 Qg3
47. R4c2 Qf4 48. Rc8 Rg8 49. Qb3+ e6 50. Qb7+ 1-0

[Event "IRT 54 Aniversario Villa Martelli"]
[Site "Villa Martelli, Bs As"]
[Date "2008.07.15"]
[Round "8"]
[White "Martinez, Daniel2"]
[Black "Amed, Stephanie"]
[Result "1/2-1/2"]
[WhiteElo "2115"]
[BlackElo "2099"]
[PlyCount "49"]
[EventDate "2008.07.08"]
[SourceDate "2008.07.15"]

1. e4 e6 2. Qe2 c5 3. Nf3 Nc6 4. g3 Nge7 5. Bg2 d5 6. d3 g6 7. O-O Bg7 8. c3 b6
9. e5 h6 10. h4 Qc7 11. Re1 Ba6 12. Bf4 g5 13. hxg5 hxg5 14. Bxg5 Ng6 15. Bf6
Bxf6 16. exf6 O-O-O 17. Na3 Rdg8 18. Qe3 Kb8 19. b4 cxb4 20. cxb4 Bb7 21. b5
Na5 22. Rac1 Qd8 23. Qd4 Rh5 24. Nc2 Qd6 25. Qb4 1/2-1/2

[Event "IRT 54 Aniversario Villa Martelli"]
[Site "Villa Martelli, Bs As"]
[Date "2008.07.15"]
[Round "8"]
[White "Chiari, Arthur Gontijo"]
[Black "Gonzalez Gimenez, Jose Ignacio"]
[Result "1-0"]
[WhiteElo "1795"]
[BlackElo "1737"]
[PlyCount "105"]
[EventDate "2008.07.08"]
[SourceDate "2008.07.15"]

1. e4 e6 2. d4 d5 3. exd5 exd5 4. Bd3 Bd6 5. Qf3 Nc6 6. c3 Nf6 7. h3 O-O 8. Ne2
Re8 9. Bg5 Be7 10. O-O Ne4 11. Bxe7 Qxe7 12. Ng3 Nxg3 13. Qxg3 Nd8 14. Nd2 c6
15. Nf3 Qf6 16. Rfe1 Ne6 17. Ng5 h6 18. Nxe6 Bxe6 19. Qe5 Qd8 20. Qf4 Bd7 21.
Rxe8+ Qxe8 22. Kf1 Be6 23. Re1 Qd7 24. Qe5 Kf8 25. f4 Bxh3 26. f5 Bg4 27. Qf4
h5 28. f6 Qd8 29. Re7 Be6 30. Qg5 gxf6 31. Qxf6 Kg8 32. Qg5+ Kf8 33. Bh7 b6 34.
Qf6 Qd6 35. Rb7 Ke8 36. Qh8+ Qf8 37. Qf6 Qd6 38. Qh8+ Qf8 39. Qe5 h4 40. Kg1
Qh6 41. Qh8+ Qf8 42. Qf6 h3 43. Bg6 h2+ 44. Kh1 Bd7 45. Qe5+ Qe7 46. Qh8+ Qf8
47. Qe5+ Qe7 48. Qh8+ Qf8 49. Qxf8+ Kxf8 50. Rxd7 fxg6 51. Kxh2 g5 52. Kg3 Ke8
53. Rh7 1-0

[Event "IRT 54 Aniversario Villa Martelli"]
[Site "Villa Martelli, Bs As"]
[Date "2008.07.15"]
[Round "8"]
[White "Crespo, Eugenio"]
[Black "Aguinaga, Maximiliano"]
[Result "1/2-1/2"]
[WhiteElo "2057"]
[BlackElo "1969"]
[PlyCount "28"]
[EventDate "2008.07.08"]
[SourceDate "2008.07.15"]

1. g3 g6 2. Bg2 Bg7 3. Nf3 d6 4. c4 Nf6 5. O-O O-O 6. d4 Nbd7 7. Nc3 e5 8. e3
c6 9. b3 Re8 10. dxe5 dxe5 11. Bb2 a5 12. Qe2 Qc7 13. Rfd1 Nc5 14. h3 h6
1/2-1/2

[Event "IRT 54 Aniversario Villa Martelli"]
[Site "Villa Martelli, Bs As"]
[Date "2008.07.16"]
[Round "9"]
[White "Bassan, Remo"]
[Black "Espinoza Palomino , Willyam"]
[Result "1/2-1/2"]
[WhiteElo "2109"]
[BlackElo "2130"]
[PlyCount "71"]
[EventDate "2008.07.08"]
[SourceDate "2008.07.15"]

1. e4 e5 2. f4 exf4 3. Bc4 d5 4. exd5 Nf6 5. Nc3 Nbd7 6. d3 Nb6 7. Qf3 Bb4 8.
Qe2+ Qe7 9. Bb5+ Bd7 10. Bxd7+ Kxd7 11. Qxe7+ Kxe7 12. Bxf4 Nbxd5 13. Bd2 Bxc3
14. bxc3 Rhe8 15. h3 Kf8+ 16. Kf2 c5 17. c4 Ne7 18. Rb1 b6 19. Bc3 Nd7 20. Nf3
Nc6 21. a4 a5 22. Ng5 f6 23. Ne4 Nb4 24. Rb2 Ne5 25. Bxe5 Rxe5 26. Re1 Rae8 27.
Re2 Ke7 28. Ke1 Kd7 29. Kd2 Kc7 30. Ng3 Nc6 31. Rxe5 Rxe5 32. Ne2 Rf5 33. Ke3
Re5+ 34. Kd2 Rf5 35. Ke3 Re5+ 36. Kd2 1/2-1/2

[Event "IRT 54 Aniversario Villa Martelli"]
[Site "Villa Martelli, Bs As"]
[Date "2008.07.16"]
[Round "9"]
[White "Gonzalez Gimenez, Jose Ignacio"]
[Black "Crespo, Eugenio"]
[Result "0-1"]
[WhiteElo "1737"]
[BlackElo "2057"]
[PlyCount "90"]
[EventDate "2008.07.08"]
[SourceDate "2008.07.15"]

1. e4 c5 2. Nf3 e6 3. Nc3 d5 4. exd5 exd5 5. d4 c4 6. g3 Nf6 7. Bg2 Be7 8. O-O
O-O 9. Re1 Nc6 10. h3 h6 11. Ne5 Bb4 12. a3 Ba5 13. Re3 Bf5 14. b4 cxb3 15.
cxb3 Re8 16. b4 Bb6 17. Nxc6 bxc6 18. Na4 Qd7 19. Kh2 Ne4 20. Rf3 Bc7 21. Nc5
Nxc5 22. bxc5 Bg6 23. Ra2 Bh5 24. h4 Bxf3 25. Qxf3 Qe7 26. Qg4 Qf6 27. Bh3 Rad8
28. Be3 Re4 29. Qd1 Qxh4 30. Qa4 Rxe3 31. fxe3 Qxg3+ 32. Kh1 Qxh3+ 33. Kg1
Qxe3+ 34. Kg2 Qg3+ 35. Kf1 Re8 36. Re2 Qd3 37. Qc2 Qxe2+ 38. Qxe2 Rxe2 39. Kxe2
f5 40. a4 g5 41. Kf3 Kf7 42. Kg2 Kg6 43. Kf3 Kh5 44. a5 Bxa5 45. Ke3 Bc3 0-1

[Event "IRT 54 Aniversario Villa Martelli"]
[Site "Villa Martelli, Bs As"]
[Date "2008.07.16"]
[Round "9"]
[White "Amed, Stephanie"]
[Black "Chiari, Arthur Gontijo"]
[Result "1-0"]
[WhiteElo "2099"]
[BlackElo "1795"]
[PlyCount "103"]
[EventDate "2008.07.08"]
[SourceDate "2008.07.15"]

1. e4 c6 2. d4 d5 3. Nd2 dxe4 4. Nxe4 Nf6 5. Nxf6+ gxf6 6. c3 Bf5 7. Nf3 Nd7 8.
g3 Bg7 9. Bg2 O-O 10. O-O e6 11. Nh4 Bg6 12. a4 a5 13. Be3 Nb6 14. Qb3 Qc7 15.
c4 Nd7 16. f4 f5 17. Rac1 Qb6 18. Qd3 c5 19. d5 Rfd8 20. Nf3 Nf6 21. Ne5 Ng4
22. Nxg4 fxg4 23. Be4 Bxe4 24. Qxe4 Re8 25. Bf2 Rad8 26. Qd3 Bd4 27. Bxd4 cxd4
28. c5 Qxb2 29. d6 Rd7 30. Rc2 Qb4 31. Rc4 Qb2 32. Rb1 Qa2 33. Rxd4 Rc8 34. Rc1
Qb2 35. Rdc4 Qf6 36. Qd2 Qd8 37. Qe2 h5 38. Qe5 h4 39. Qh5 f5 40. Qg6+ Kf8 41.
Qxe6 Rf7 42. Qh6+ Kg8 43. Qxh4 Qxh4 44. gxh4 Kf8 45. Re1 Re8 46. Rd1 Rd8 47.
Rc3 Rh7 48. Rb3 Rdd7 49. Rd5 Rde7 50. c6 bxc6 51. Rb8+ Kg7 52. d7 1-0

[Event "IRT 54 Aniversario Villa Martelli"]
[Site "Villa Martelli, Bs As"]
[Date "2008.07.16"]
[Round "9"]
[White "Pradines, Emmanuel"]
[Black "Martinez, Daniel2"]
[Result "1/2-1/2"]
[WhiteElo "1911"]
[BlackElo "2115"]
[PlyCount "66"]
[EventDate "2008.07.08"]
[SourceDate "2008.07.15"]

1. e4 e5 2. Nc3 Nf6 3. g3 g6 4. Bg2 Bg7 5. Nge2 d6 6. O-O O-O 7. h3 c6 8. f4
Nbd7 9. d3 b5 10. a3 a5 11. f5 Ba6 12. g4 b4 13. Nb1 b3 14. c4 d5 15. Qxb3 Nc5
16. Qc2 dxe4 17. dxe4 Re8 18. Rd1 Qc7 19. Be3 Bf8 20. b4 Nb7 21. c5 Red8 22.
Nbc3 a4 23. Rxd8 Nxd8 24. Qxa4 Bxe2 25. Qxa8 Bxg4 26. hxg4 Nxg4 27. Bf2 Nxf2
28. Kxf2 Qe7 29. Rh1 Qg5 30. Ne2 gxf5 31. exf5 Qxf5+ 32. Ke1 Qb1+ 33. Kf2 Qf5+
1/2-1/2